2001 : una odisea espacial /
Guardado en:
| Autor Principal: | |
|---|---|
| Formato: | Libro |
| Publicado: |
Barcelona :
Salvat,
1984
|
| Series: | Biblioteca Básica; No. 891
|
| Etiquetas: |
Agregar Etiqueta
Sin Etiquetas, Sea el primero en etiquetar este registro!
|
| LEADER | 00438nam a22001575a 4500 | ||
|---|---|---|---|
| 001 | CEM.cems001706 | ||
| 005 | 20060214000000.0 | ||
| 008 | 130507s1984##################000#0#####d | ||
| 003 | CEMS | ||
| 082 | 0 | 4 | |a 813.5 |
| 100 | 1 | |a Clarke, Arthur C. | |
| 245 | 1 | 0 | |a 2001 : |b una odisea espacial / |
| 260 | |a Barcelona : |b Salvat, |c 1984 | ||
| 300 | |a 185 p. | ||
| 490 | 0 | |a Biblioteca Básica; No. 891 | |
| 859 | |a CEMS |b BIB. CEMS - 11 de abril |h 813.5 |i C55 |p 14370.86 |t Ej.1 | ||
